banner-ar

النحل الراقص : دراسة عن نحلة العسل حياتها وحواسها (هديه من الآديب عبدالفتاح الجمل) / (Record no. 42837)

MARC details
000 -الفاتح
حقل البيانات ثابتة الطول 00951nam a2200301Ia 4500
008 - عناصر البيانات ثابتة الطول - معلومات عامة
حقل البيانات ثابتة الطول 140319s9999 xx 000 0 ara d
040 ## - مصدر الفهرسة
وكالة الفهرسة الأصلية GCL /
وكالة النسخ GCL
082 04 - رقم تصنيف ديوى العشرى
رقم التصنيف 638.1
رقم المادة ك ن
100 1# - المدخل الرئيسى - إسم شخصى
الإسم الشخصى كاشف، كارل فون
245 10 - بيان العنوان
العنوان النحل الراقص : دراسة عن نحلة العسل حياتها وحواسها (هديه من الآديب عبدالفتاح الجمل) /
بيان المسئوليه,etc كاشف، كارل فون
700 1# - المدخل الاضافى - اسم شخصى
الإسم الشخصى احمد حسن كاشف
700 1# - المدخل الاضافى - اسم شخصى
الإسم الشخصى عبدالخالق وفا (مراجعه)
300 ## - الوصف المادى
التعداد 232
490 ## - بيان السلسلة
عنوان السلسلة الالف كتاب
رقم المجلد/ التعيين التسلسلي 0
650 04 - المدخل الاضافى بالموضوع-مصطلح موضوعى
مصطلح موضوعي عسل النحل
650 04 - المدخل الاضافى بالموضوع-مصطلح موضوعى
مصطلح موضوعي الحشرات
650 04 - المدخل الاضافى بالموضوع-مصطلح موضوعى
مصطلح موضوعي النحل
650 04 - المدخل الاضافى بالموضوع-مصطلح موضوعى
مصطلح موضوعي الانفاق
650 04 - المدخل الاضافى بالموضوع-مصطلح موضوعى
مصطلح موضوعي السمع
650 04 - المدخل الاضافى بالموضوع-مصطلح موضوعى
مصطلح موضوعي الحشرات النافعة
650 04 - المدخل الاضافى بالموضوع-مصطلح موضوعى
مصطلح موضوعي الشمس
650 04 - المدخل الاضافى بالموضوع-مصطلح موضوعى
مصطلح موضوعي الحواس
650 04 - المدخل الاضافى بالموضوع-مصطلح موضوعى
مصطلح موضوعي الانف
650 04 - المدخل الاضافى بالموضوع-مصطلح موضوعى
مصطلح موضوعي الشم
650 04 - المدخل الاضافى بالموضوع-مصطلح موضوعى
مصطلح موضوعي العين فسيولوجيا
942 ## - عناصر المدخل الإضافي( كوها)
مصدر التصنيف او مخطط الترفيف Dewey Decimal Classification
Koha [default] item type كتاب
Holdings
حالة التراجع حالة الفقد حالة تلف ليس للاعارة المكان المؤقت الموقع الحالى تاريخ الاكتساب اجمالي اﻻعارات رقم الطلب الباركود تاريخ اخر مشاهدة تاريخ تفعيل السعر نوع وعاء كوها
        مكتبة القاهرة الكبرى مكتبة القاهرة الكبرى 03/26/2014   638.1\ك ن 103485 03/26/2014 03/26/2014 كتاب

Powered By

EGPV